[Event "RUDAR 1 IM 2022"]
[Site "Pozarevac"]
[Date "2022.03.27"]
[Round "1.1"]
[White "Acor, Corey"]
[Black "Anishka Vikram"]
[Result "1-0"]
[WhiteElo "2326"]
[BlackElo "2000"]
[Annotator "TA"]
[PlyCount "61"]
[EventDate "2022.03.27"]
[EventType "tourn"]
[EventCountry "SRB"]
[SourceTitle "playchess.com"]
[Source "ChessBase"]
[SourceQuality "1"]

{[%evp 14,61,0,-6,0,-2,92,92,95,90,87,91,102,87,80,78,142,141,308,308,305,286,289,211,215,204,300,285,312,302,320,320,310,311,308,306,654,641,627,621,1393,1422,5418,5418,29984,368,29985,29986,29998,29999]} 1. e4 c5 2. Nc3 d6 3. g3 g6 4. Bg2 Bg7 5. d3 Nc6 6. Be3 Rb8 7. Nge2 Nd4 {7...Nd4 scores better than 7...b5.} 8. O-O b5 {B26: Closed Sicilian: 3 g3, lines with early Be3.} 9. b4 {[#]} e5 $146 (9... Bg4 $11 {keeps the balance.}) ({Predecessor:} 9... Bd7 10. bxc5 dxc5 11. Rb1 b4 12. Nd5 e6 13. Bxd4 cxd4 14. Nxb4 Ne7 15. Na6 Rc8 16. Qd2 {1-0 (37) Demchenko,A (2660)-Zhigalko,S (2641) Riadh 2017}) 10. bxc5 $16 dxc5 {White is better.} 11. Nd5 Bg4 12. f3 {[%cal Bf2f3,Bf3f4][%mdl 32]} Be6 {[#]} 13. c3 $1 $36 {[%mdl 2048] White is in control.} Nxe2+ 14. Qxe2 Bxd5 (14... Nf6 $142) 15. exd5 {aiming for f4.} Qxd5 $2 (15... Ne7 $16) 16. f4 $18 Qe6 17. Bxc5 Ne7 18. Rae1 ({Resist} 18. Bxa7 $6 Rc8 19. fxe5 Bxe5 $18) 18... O-O 19. fxe5 Rbc8 (19... Rfd8 $142 20. Qf3 Rbc8) 20. d4 ({Less strong is} 20. Bxa7 Nd5 21. Qf2 Nxc3 $16) 20... a6 21. Qf3 Rfd8 {[#]} 22. Bh3 $1 {[%mdl 512] A strong pair of Bishops.} Nf5 23. Bxf5 gxf5 24. Qxf5 Qxa2 $2 (24... Rc6 25. Qh5 Qd5) 25. e6 fxe6 26. Rxe6 {Strongly threatening Re7.} Qc4 {[%cal Od8f8]} 27. Re7 {Rf4 would kill now.} Kh8 {[#]} 28. Rxg7 $1 {[%mdl 512]} Kxg7 (28... Qxf1+ 29. Kxf1) 29. Qg5+ Kh8 30. Be7 {[%cal Re7f6]} h6 31. Bf6+ {Black got outplayed after the opening.  Weighted Error Value: White=0.05 (flawless) /Black=0.69} 1-0

[Event "RUDAR 1 IM 2022"]
[Site "Pozarevac"]
[Date "2022.03.27"]
[Round "1.3"]
[White "Spasic, Petar"]
[Black "Bura, Goran"]
[Result "0-1"]
[WhiteElo "2334"]
[BlackElo "2185"]
[Annotator "TA"]
[PlyCount "62"]
[EventDate "2022.03.27"]
[EventType "tourn"]
[EventCountry "SRB"]
[SourceTitle "playchess.com"]
[Source "ChessBase"]
[SourceQuality "1"]

{[%evp 9,62,-7,-1,-2,25,-2,-6,-12,-3,0,0,-2,21,-9,10,-8,32,-16,-6,-36,-17,-12,-9,-12,0,-50,-55,-91,-60,-53,-16,-68,-53,-74,-79,-83,-93,-185,-71,-80,-111,-379,-374,-547,-531,-634,-629,-1402,-1377,-29985,-29986,-29989,-2417,-1620,-1607]} 1. e4 c5 2. Nc3 a6 3. f4 b5 {[%cal Bb7b5,Bb5b4][%mdl 32]} 4. Nf3 Bb7 5. d3 e6 6. g3 {B23: Closed Sicilian: Lines without g3.} b4 7. Nb1 {was the old line (7.Ne2).} d5 8. exd5 {The position is equal.} Bxd5 (8... Qxd5 9. Nbd2 $14) 9. Bg2 Nf6 10. O-O Be7 11. Nbd2 (11. c4 $5 {[%cal Rc4d5]} Bb7 12. a3 $11 (12. Ne5 Qd4+ 13. Rf2 Bxg2 $11)) 11... O-O {[#]} 12. Qe2 $146 ({Predecessor:} 12. Nc4 Nbd7 13. Qe2 Qc7 14. f5 Bd6 15. Nxd6 Qxd6 16. Bf4 Bxf3 17. Bxf3 e5 18. Be3 {0-1 (58) Hugentobler,P (2232)-Kaenel,H (2356) Leukerbad 2011}) 12... Nbd7 13. Ne4 (13. a4 $14) 13... Qc7 14. Nfd2 {Inhibits c4.} g6 15. a4 a5 16. b3 Nxe4 17. dxe4 (17. Nxe4 $11 f5 18. Ng5 Bxg5 19. fxg5) 17... Bb7 $1 $15 18. Bb2 Ba6 19. Nc4 Rad8 20. Rf2 (20. f5 $11) 20... Rfe8 21. Re1 Nb6 22. Be5 Qa7 23. f5 {[#]} (23. h4 $17 {is a better defense.}) 23... Bxc4 (23... exf5 $1 $19 {has better winning chances. aiming for ...Bf8.} 24. Qf1 (24. exf5 Bxc4 25. bxc4 Bd6 $19) 24... f4 25. Bxf4 (25. Rxf4 $2 Bg5 $19) 25... Nxc4 26. bxc4 Rd4) 24. bxc4 $17 {[#]} exf5 {...Bf8 is the strong threat.} 25. exf5 $2 {[%mdl 8192] This costs White the game.} (25. Qf1 $17 {was worth a try.}) 25... Bd6 $19 26. Qd3 (26. fxg6 $142 hxg6 27. Rd1) 26... Qc7 (26... Bxe5 27. Rxe5 Qc7 28. Rxe8+ Rxe8 29. Bd5 Nxd5 30. Qxd5 $15) 27. fxg6 hxg6 ({Stronger than} 27... Rxe5 28. Rxe5 (28. gxf7+ Kg7 $11) 28... Bxe5 29. gxf7+ Kg7 30. Qf5 $11) 28. Rd2 Bxe5 29. Rxe5 Qxe5 30. Qxd8 Rxd8 (30... Qe3+ $142 31. Rf2 Rxd8 32. Bd5 Nxd5 33. cxd5 Rxd5 34. Kg2 Qe4+ 35. Kg1 Rd1+ 36. Rf1 Rxf1+ 37. Kxf1 Qxc2 38. h3 b3 39. Kg1 b2 40. h4 b1=Q#) 31. Rxd8+ Kg7 {Weighted Error Value: White=0.87/Black=0.47} 0-1

[Event "RUDAR 1 IM 2022"]
[Site "Pozarevac"]
[Date "2022.03.27"]
[Round "1.5"]
[White "Trifunovic, Miroljub"]
[Black "Dudukovic, Nikola"]
[Result "0-1"]
[WhiteElo "2144"]
[BlackElo "2362"]
[Annotator "TA"]
[PlyCount "84"]
[EventDate "2022.03.27"]
[EventType "tourn"]
[EventCountry "SRB"]
[SourceTitle "playchess.com"]
[Source "ChessBase"]
[SourceQuality "1"]

{[%evp 12,84,0,0,0,0,12,0,0,0,0,0,0,0,0,-1,19,0,39,28,39,29,29,0,9,18,15,21,15,0,0,-28,0,0,5,-18,-8,0,0,-50,0,0,15,-12,-21,-209,-184,-187,-122,-391,-406,-404,-415,-411,-399,-369,-368,-543,-497,-638,-614,-616,-450,-546,-539,-539,0,-539,-539,-681,-653,-622,-476,-881,-811]} 1. Nf3 Nf6 2. b3 c5 3. Bb2 d5 4. e3 e6 5. c4 Be7 6. Be2 O-O 7. O-O dxc4 {A13: English Opening: 1...e6.} 8. bxc4 Nc6 9. d4 cxd4 {The position is equal.} 10. exd4 b6 11. Nbd2 Bb7 12. Rc1 Rc8 13. Bd3 Rc7 14. Qe2 Ba6 15. Rfd1 Qc8 {[#]} 16. a3 $146 {[%cal Od4d5]} ({Predecessor:} 16. Ne5 Nxe5 17. dxe5 Nd7 18. Ne4 Nc5 19. Nf6+ Bxf6 20. Bxh7+ Kxh7 21. Qh5+ Kg8 22. exf6 Re8 23. Qg5 {1-0 (22) Kniest,O (2301)-Birkisson,B (2057) Reykjavik 2017}) 16... Rd8 17. h3 Na5 18. Ne5 Bb7 19. Re1 Bf8 20. f4 g6 21. Qf2 Bg7 (21... Nd7 $5 {[%cal Rd7e5]}) 22. Kh2 Ne8 23. g4 Nd6 {next ...f6 is good for Black.} (23... f6 $5 24. Nef3 Bf8 $11) 24. c5 Ne8 25. Be4 (25. Bb5 $11) 25... Bxe4 ({Better is} 25... Nf6 $15) 26. Nxe4 $11 Nc6 27. cxb6 axb6 28. f5 $2 (28. Ng5 $11) 28... Nxe5 $19 ({And not} 28... exf5 29. Nxc6 Rxc6 30. gxf5 $17 (30. Rxc6 Qxc6 31. gxf5 Nf6 $17)) 29. dxe5 {[#]} exf5 (29... Bxe5+ $1 $19 {[%mdl 512]} 30. Ng3 (30. Bxe5 Rxc1) 30... Bxg3+ 31. Kxg3 Rxc1 32. Rxc1 Rd3+ 33. Kg2 Qa8+ 34. Kg1 Qd5 35. fxe6 f5) 30. Nf6+ $2 {[%mdl 8192]} (30. Rxc7 $17 Qxc7 31. gxf5) 30... Nxf6 31. exf6 Bh6 32. Rxc7 Qxc7+ 33. Be5 Qc4 34. Re2 {Inhibits Rd2.} (34. Qf3 {keeps fighting.} Rd3 35. Qf1) 34... fxg4 {Hoping for ...Re8.} 35. Rc2 Qe6 {[%csl LRe5,LRh3]} 36. Bg3 gxh3 37. Re2 Qc6 {[#] ...Rd1 is the strong threat.} 38. Rc2 Qe6 39. Re2 Qg4 {And now ...Bf8 would win. Black is clearly winning.} 40. Rb2 Bf8 41. Qxb6 Re8 {White must now prevent ...h5.} 42. Qb3 (42. Qc7 $142) 42... h5 {Weighted Error Value: White=0.43/Black=0.24 (precise)} 0-1

[Event "RUDAR 1 IM 2022"]
[Site "Pozarevac"]
[Date "2022.03.27"]
[Round "2.1"]
[White "Bryakin, Mikhail"]
[Black "Acor, Corey"]
[Result "1-0"]
[WhiteElo "2481"]
[BlackElo "2326"]
[Annotator "TA"]
[PlyCount "103"]
[EventDate "2022.03.27"]
[EventType "tourn"]
[EventCountry "SRB"]
[SourceTitle "playchess.com"]
[Source "ChessBase"]
[SourceQuality "1"]

{[%evp 16,103,14,25,20,26,0,10,15,0,0,0,1,6,14,10,20,0,4,0,4,8,8,7,12,9,12,12,6,9,12,6,9,9,8,9,13,13,15,15,14,41,51,25,50,22,49,43,199,202,194,200,196,198,176,159,152,157,157,157,157,157,159,155,155,170,222,210,342,335,322,329,365,320,452,450,721,721,637,633,620,615,891,879,1032,823,711,686,575,485]} 1. c4 e6 2. d4 d5 3. Nf3 Nf6 4. g3 Be7 5. Bg2 O-O 6. O-O dxc4 7. Qc2 a6 8. a4 c5 9. dxc5 Bxc5 {E05: Open Catalan: 5 Nf3 Be7.} 10. Nbd2 b5 11. axb5 {Strongly threatening Ne5.} Bb7 {The position is equal.} 12. b6 {[#]} Qxb6 $146 ({Predecessor:} 12... Nbd7 13. Nxc4 Nxb6 14. Na5 Qc8 15. Ne1 Bxg2 16. Kxg2 Bb4 17. Qxc8 Rfxc8 18. Nd3 Bxa5 19. Rxa5 {½-½ (34) Rozum,I (2529)-Pridorozhni,A (2564) Khanty-Mansiysk 2021}) 13. Nxc4 Qa7 14. Be3 Bxe3 15. Nxe3 ({Don't play} 15. fxe3 Nbd7 $15) 15... Nbd7 16. b4 Be4 17. Qd2 Rfc8 18. Rfc1 Rxc1+ 19. Rxc1 Rb8 20. Qd6 Qb6 21. Qxb6 Nxb6 22. Ne5 Bxg2 23. Kxg2 Nbd5 {Prevents Rc7.} 24. Nxd5 Nxd5 $11 {[%mdl 4096] Endgame KRN-KRN} 25. Nc6 Rb7 26. e4 Nf6 27. Kf3 Nd7 28. Ke3 Kf8 29. Na5 Rb5 (29... Rxb4 $2 30. Rc8+ Ke7 31. Nc6+ Kd6 32. Nxb4 $18) 30. Rc8+ Ke7 31. f4 {[#] Hoping for Nc6+.} Kf6 $2 {This move loses the game for Black.} ({Black should try} 31... e5 $14) 32. Rc7 $18 Ke7 33. Ra7 Rb6 {[#]} 34. Nc4 $1 Rc6 (34... Rxb4 $2 35. Ne5 Rb3+ 36. Kd4 $18) 35. Ne5 Rd6 36. Nxd7 {White is more active.} Rxd7 37. Rxa6 $16 {KR-KR} Rb7 38. Ra4 Kd6 39. Kd4 Kc6 40. Kc4 {aiming for Ra6+.} Kb6 {Inhibits Ra6+.} (40... Rc7 $142 41. Ra5 Kb7+ 42. Rc5 Re7) 41. Ra8 $18 Rd7 (41... Rc7+ {keeps fighting.} 42. Kb3 h6 43. Rb8+ Kc6) 42. Rb8+ Kc7 43. Rh8 h6 44. Kc5 Kb7 (44... f5 $142 45. Re8 Rd2 46. Rxe6 fxe4 47. Rxe4 Rc2+ 48. Kd5 Kd7) 45. b5 {White is clearly winning.} e5 (45... Kc7 $142 46. Rg8 g6) 46. fxe5 Re7 47. Kd6 Re6+ 48. Kd5 Kc7 49. Rg8 g6 50. Rf8 Re7 51. e6 fxe6+ 52. Ke5 {Weighted Error Value: White=0.03 (flawless) /Black=0.21 (precise)} 1-0

[Event "RUDAR 1 IM 2022"]
[Site "Pozarevac"]
[Date "2022.03.27"]
[Round "2.2"]
[White "Bura, Goran"]
[Black "Savitha Shri B"]
[Result "0-1"]
[WhiteElo "2185"]
[BlackElo "2257"]
[Annotator "TA"]
[PlyCount "80"]
[EventDate "2022.03.27"]
[EventType "tourn"]
[EventCountry "SRB"]
[SourceTitle "playchess.com"]
[Source "ChessBase"]
[SourceQuality "1"]

{[%evp 9,80,-4,24,13,26,27,31,2,0,0,2,0,4,4,7,18,20,1,61,32,37,25,60,58,60,41,43,15,25,7,38,26,15,8,16,-9,0,0,0,0,0,0,0,0,0,0,0,0,0,0,0,0,0,0,0,-25,0,-153,-147,-139,-122,-139,-139,-365,-378,-416,-377,-403,-375,-525,-532,-479,-451]} 1. e4 c5 2. Nf3 e6 3. g3 Nc6 4. Bg2 Nf6 5. Qe2 d5 6. exd5 {B40: Sicilian: 2...e6, Unusual lines.} Nxd5 7. O-O Be7 8. Na3 {White is slightly better.} O-O 9. c3 Bf6 10. Nc4 Qc7 11. a4 {[#]} Bd7 $146 ({Predecessor:} 11... b6 12. d3 Bb7 13. Bd2 a6 14. Bg5 Bxg5 15. Nxg5 Rad8 16. f4 h6 {1-0 (51) Erenburg,S (2419)-Paragua,M (2444) Oropesa del Mar 2001}) 12. d3 Rfe8 13. Nfd2 a6 (13... Be7 $11) 14. Ne4 {Threatens to win with Be3.} Be7 $1 15. a5 f6 16. f4 Bf8 17. Be3 (17. Qh5 {looks sharper.} Red8 18. Qh3 f5 19. Ned2 Be8 20. Re1) 17... Nd8 18. Kh1 Nxe3 19. Qxe3 {With the idea Nb6.} Bc6 20. Rae1 Nf7 21. Qe2 Rad8 22. Rd1 f5 23. Ng5 Nxg5 24. fxg5 Bd5 25. Nb6 Bxg2+ 26. Kxg2 Qc6+ 27. Qf3 Qxf3+ 28. Rxf3 Bd6 29. Re1 Bc7 30. Nc4 Rd5 31. Rfe3 Kf7 32. h4 e5 {[%cal Be6e5,Be5e4][%mdl 32]} 33. Kf3 $2 {[#]} (33. Nb6 $11 Rdd8 34. Nc4) 33... Rxd3 $3 $17 {[%mdl 512]} 34. Rxd3 ({Don't go for} 34. g6+ $2 hxg6 35. Rxd3 e4+ 36. Kf2 exd3) 34... e4+ 35. Kf2 exd3 36. Rxe8 $2 {Now White is beyond hope.} (36. Rd1 $17 {was worth a try.}) 36... Kxe8 $19 37. Kf3 Kd7 38. g4 Ke6 {White must now prevent ...fxg4+.} 39. b3 fxg4+ 40. Kxg4 {[#]} Bxa5 $1 {[%mdl 512] Weighted Error Value: White=0.29 (precise) /Black=0.09 (flawless)} 0-1

[Event "RUDAR 1 IM 2022"]
[Site "Pozarevac"]
[Date "2022.03.27"]
[Round "2.3"]
[White "Milanovic, Slavisa"]
[Black "Spasic, Petar"]
[Result "1/2-1/2"]
[WhiteElo "2296"]
[BlackElo "2334"]
[Annotator "TA"]
[PlyCount "51"]
[EventDate "2022.03.27"]
[EventType "tourn"]
[EventCountry "SRB"]
[SourceTitle "playchess.com"]
[Source "ChessBase"]
[SourceQuality "1"]

{[%evp 15,51,-2,18,4,35,11,72,-9,-9,-14,-17,-18,46,30,20,2,42,4,13,16,5,11,15,-10,-12,-17,-12,-6,-4,-13,19,0,0,0,0,0,0,-4]} 1. Nf3 d5 2. d4 Nf6 3. c4 e6 4. Nc3 c6 5. e3 Nbd7 6. Qc2 Bd6 7. Bd3 dxc4 8. Bxc4 b5 9. Be2 {9.Be2 scores better than 9.Bd3. D46: Semi-Slav: 5 e3 Nbd7 6 Bd3, Black avoids the Meran.} Bb7 10. O-O a6 (10... O-O $11) 11. Rd1 (11. e4 $16 {And now e5 would win.} e5 12. Rd1) 11... c5 $11 12. dxc5 Bxc5 13. Ne5 {[%cal Oc3b5] [#]} Qe7 $146 (13... Rc8 $11) ({Predecessor:} 13... Rc8 14. Nxd7 Nxd7 15. Qb1 Qg5 16. Ne4 Qg6 17. Bf3 Bd5 18. Nxc5 Bxf3 19. Qxg6 hxg6 20. gxf3 Rxc5 {½-½ (29) Loiacono,L (2188)-Di Benedetto,E (2275) Lignano Sabbiadoro 2017}) 14. Nxd7 $14 Nxd7 {[%cal Bf6d7,Bd7c5,Bc5a4,Ba4c3][%mdl 32]} 15. Ne4 {[%cal Od1d7] [#] aiming for Rxd7!} Rc8 16. Nxc5 Nxc5 {The position is equal.} 17. Qc3 O-O 18. Qb4 Qf6 19. Bd2 Na4 20. b3 Nc3 21. Bxc3 Rxc3 22. Qd4 Qg6 {[%csl Gb7][%cal Rg6g2] [#]} 23. Bf1 Rc2 24. a4 Bd5 25. axb5 axb5 26. Qd3 {Weighted Error Value: White=0.16 (very precise) /Black=0.24 (precise)} 1/2-1/2

[Event "RUDAR 1 IM 2022"]
[Site "Pozarevac"]
[Date "2022.03.27"]
[Round "2.4"]
[White "Anishka Vikram"]
[Black "Trifunovic, Miroljub"]
[Result "0-1"]
[WhiteElo "2000"]
[BlackElo "2144"]
[Annotator "TA"]
[PlyCount "92"]
[EventDate "2022.03.27"]
[EventType "tourn"]
[EventCountry "SRB"]
[SourceTitle "playchess.com"]
[Source "ChessBase"]
[SourceQuality "1"]

{[%evp 12,92,36,26,20,2,58,29,35,30,47,0,0,0,0,0,9,4,9,0,17,0,0,0,0,0,0,0,9,0,33,29,39,12,15,-12,-8,-14,0,-37,0,-14,0,0,0,0,168,156,166,158,148,50,155,152,156,105,134,120,105,105,109,129,115,115,154,114,192,122,155,155,151,25,40,8,8,8,0,-5189,-5189,-29985,-29986,-29986,-29987]} 1. d4 Nf6 2. c4 e6 3. Nc3 Bb4 4. e3 O-O 5. Bd3 c5 6. Nf3 Nc6 7. O-O d6 {E50: Nimzo-Indian: Rubinstein: 4...0-0 5 Nf3.} 8. Qc2 Re8 (8... Bxc3 $11 9. Qxc3 e5 10. dxe5 dxe5) 9. Rd1 Bxc3 {White has an edge.} 10. Qxc3 {[#]} Qe7 $146 ({Predecessor:} 10... Qc7 11. b3 e5 12. dxe5 dxe5 13. Nd2 Bg4 14. f3 Be6 15. Ba3 b6 16. Ne4 Qe7 17. Nxf6+ Qxf6 {1-0 (26) Han Wong,I-Elechiguerra Labarca,M Barquisimeto 2001}) 11. e4 (11. dxc5 $14 dxc5 12. Ne5) 11... e5 $1 $11 {[%cal Re5d4]} 12. d5 Nd4 13. Nxd4 exd4 14. Qc2 Ng4 {[%cal Of7f5]} ({Don't do} 14... Nxe4 15. Re1 Bf5 16. f3 $16) 15. Bf4 Ne5 16. Re1 {[%cal Ob2b4]} Bd7 17. Bg3 h5 18. h3 h4 19. Bh2 Qg5 20. Kh1 {Threatens to win with f4.} Nxd3 21. Qxd3 Qg6 22. f4 Re7 {Hoping for ...Rae8.} 23. Qf3 Rae8 {[%cal Re7e4]} 24. e5 Bf5 25. Qf2 Qh6 (25... b5 $5 {[%cal Rb5c4]} 26. b3 bxc4 27. bxc4 Qh6 $11) 26. Rad1 b6 27. b3 d3 28. Kg1 Qg6 $2 (28... a6 $11) 29. Qxh4 $18 Be4 {[%csl Ge4][%cal Rg6g2]} 30. Qf2 f5 {[%cal Ob6b5]} 31. Rd2 (31. e6 $16) 31... a6 ({Better is} 31... Rb7 $14) 32. Bg3 b5 33. exd6 (33. Qe3 $142) 33... Qxd6 $16 34. Bh4 Rb7 {[#]} 35. Rxd3 $1 {[%mdl 512]} bxc4 36. bxc4 Reb8 37. Rd2 a5 38. Qe3 Rb4 {[#]} (38... Rb2 $16 {keeps fighting.}) 39. Rc1 (39. Qc3 $1 $18) 39... Rb1 40. Rxb1 Rxb1+ {[#]} 41. Kh2 (41. Be1 $1 $16) 41... Rb4 $11 42. Qc3 {And now Kg3 would win.} Qxf4+ 43. Bg3 Qf1 {aiming for ...Rb1.} 44. d6 $2 {[%mdl 8192]} (44. Rf2 $11 Qxc4 45. Qe5 Qxd5 46. Qe8+ Kh7 47. Qh5+ Kg8 48. Qe8+ Kh7 49. Qh5+ Kg8 50. Qe8+) 44... Rb1 $19 {[%csl Gb1][%cal Rf1g1]} 45. Be5 f4 46. Bxf4 Qxf4+ {Weighted Error Value: White=0.55/Black=0.24 (precise)} 0-1

[Event "RUDAR 1 IM 2022"]
[Site "Pozarevac"]
[Date "2022.03.27"]
[Round "3.1"]
[White "Acor, Corey"]
[Black "Bura, Goran"]
[Result "1-0"]
[WhiteElo "2326"]
[BlackElo "2185"]
[Annotator "TA"]
[PlyCount "115"]
[EventDate "2022.03.27"]
[EventType "tourn"]
[EventCountry "SRB"]
[SourceTitle "playchess.com"]
[Source "ChessBase"]
[SourceQuality "1"]

{[%evp 9,115,5,6,-14,0,-6,11,-17,-18,-26,6,0,3,-15,-20,-26,16,20,12,8,38,39,58,33,61,34,56,22,58,28,67,78,142,121,123,20,34,34,40,39,45,21,22,-8,15,-70,-43,-44,-58,-137,0,0,0,-4,0,-4,0,-1,27,32,56,53,42,41,49,48,215,98,208,205,200,205,352,352,347,347,335,135,92,114,158,154,185,166,178,178,183,167,301,301,525,525,730,377,525,395,389,287,364,345,593,593,590,590,661,661,669,531]} 1. e4 c5 2. Nc3 a6 3. g3 b5 4. Bg2 Bb7 5. a3 Nf6 6. d3 {B23: Closed Sicilian: Lines without g3.} e6 7. f4 {[#]} h5 $146 ({Predecessor:} 7... Be7 8. Nf3 d6 9. O-O Nc6 10. Ne2 Qc7 11. h3 Nd7 12. c3 O-O 13. g4 f5 {1-0 (26) Kritz,L (2598)-Xiong,J (2361) Dallas 2014}) 8. h3 {The position is equal.} d5 9. e5 Nfd7 10. Nf3 Nc6 11. Ne2 d4 12. O-O {[%cal Of4f5]} g6 (12... Ne7 $142) 13. c3 dxc3 14. Nxc3 Qb6 15. Be3 Nd4 16. Rc1 Rd8 17. Ng5 Bxg2 18. Kxg2 Be7 {Hoping for ...Bxg5.} 19. Nce4 {Bxd4 is the strong threat. Active counter play!} (19. Bxd4 $5 Bxg5 20. Ne4 $16) 19... Nf5 20. Bf2 Qb7 ({Black should play} 20... Qb8) 21. Qf3 Qd5 22. Nc3 ({White must play} 22. g4 $16 hxg4 23. hxg4) 22... Qxf3+ 23. Nxf3 Nb6 {[%cal Bd7b6,Bb6d5,Bd5e3,Be3c4][%mdl 32]} 24. Rfd1 Nd5 25. Rd2 O-O 26. Ne2 c4 27. dxc4 (27. Nc3 $11) 27... Nde3+ 28. Kg1 Nxc4 29. Rdc2 (29. Rxd8 $15 Rxd8 30. a4) 29... Nfe3 (29... Rd3 $17 30. Ne1 Rb3) 30. Bxe3 $11 Nxe3 31. Rc7 Rfe8 {[%cal Oh5h4]} 32. Nfd4 Nd5 33. R7c6 Ra8 34. Kf2 Red8 35. Kf3 $1 Rdb8 36. g4 hxg4+ 37. hxg4 Rb6 $2 (37... Bf8 $14) 38. Ke4 (38. Nc3 $1 $18 {[%cal Rc3d5] and White stays clearly on top. aiming for Nxd5.} Rxc6 39. Nxc6) 38... Rab8 (38... Rxc6 $16 39. Rxc6 (39. Nxc6 Re8 $16) 39... Bh4) 39. f5 $18 Bg5 40. Rc8+ Rxc8 (40... Kg7 $142) 41. Rxc8+ Kh7 42. fxe6 fxe6 43. Rc6 (43. Nf3 $18 {has better winning chances.} Be3 44. Ned4) 43... Rxc6 $16 44. Nxc6 {[%mdl 4096] Endgame KBN-KNN} Nc7 (44... Kg7 $142) 45. Kd4 Nd5 46. Kc5 Kg7 47. Nb8 Be7+ 48. Kc6 b4 {[#]} (48... Ne3 $142) 49. a4 $1 $18 b3 $2 (49... a5 $2 50. Nd4 Kf7 51. Kb5 $18) (49... Ne3 {keeps fighting.} 50. Nxa6 Nxg4) 50. Nxa6 Ba3 51. Nd4 ({Avoid the trap} 51. bxa3 $2 b2 52. Nd4 b1=Q $19) 51... Kf7 52. Nxb3 {Pair of Knights!} ({Don't blunder} 52. bxa3 $2 b2 53. Nxe6 {[#]} b1=Q $1 $19) 52... Bxb2 53. Nac5 Bxe5 54. a5 {Threatens to win with Nd3.} Bc3 $2 (54... Nb4+ {was called for.} 55. Kb5 Nd5) 55. Ne4 {White is clearly winning.} Bxa5 56. Nxa5 g5 57. Nc4 {Prevents Ne3.} Ne7+ 58. Kc5 {Weighted Error Value: White=0.27 (precise) /Black=0.41} 1-0

[Event "RUDAR 1 IM 2022"]
[Site "Pozarevac"]
[Date "2022.03.27"]
[Round "3.2"]
[White "Trifunovic, Miroljub"]
[Black "Bryakin, Mikhail"]
[Result "0-1"]
[WhiteElo "2144"]
[BlackElo "2481"]
[Annotator "TA"]
[PlyCount "56"]
[EventDate "2022.03.27"]
[EventType "tourn"]
[EventCountry "SRB"]
[SourceTitle "playchess.com"]
[Source "ChessBase"]
[SourceQuality "1"]

{[%evp 9,56,-3,0,-8,-6,-4,9,-4,0,0,12,12,12,10,11,10,8,-19,-16,-27,-18,-37,-4,-8,-2,-12,-2,0,0,0,0,0,0,0,0,0,0,0,0,-93,-100,-95,-98,-133,-143,-156,-113,-183,-181]} 1. Nf3 d5 2. b3 Nf6 3. Bb2 Bf5 4. e3 e6 5. Nh4 Bg4 6. Be2 {A06: Réti Opening: 1 Nf3 d5.} Bxe2 7. Qxe2 Nbd7 8. f4 {The position is equal.} c6 9. Nf3 {[#]} Qc7 $146 ({Predecessor:} 9... Be7 10. O-O O-O 11. d3 a5 12. a3 a4 13. b4 c5 {1-0 (60) Anton Guijarro,D (2634)-Svane,R (2543) Berlin 2015}) 10. O-O Bd6 11. c4 O-O 12. d4 Ne4 13. Ba3 Bxa3 14. Nxa3 a5 15. Qc2 Qd6 16. c5 Qe7 17. Nb1 f6 18. Nc3 Ndxc5 19. dxc5 Qxc5 20. Rac1 Qxe3+ 21. Kh1 Nxc3 22. Qxc3 Qxf4 23. Nd4 Qd6 24. Rce1 (24. Qh3 $1 $11) 24... e5 $17 25. Nf5 Qd7 26. Qh3 {[%cal Of5h6] [#] Threatens to win with Nh6+!} Kh8 27. Qh4 e4 (27... Rae8 $142 28. Qa4 g6) 28. g4 (28. Rd1 $17) 28... Rae8 {Weighted Error Value: White=0.19 (very precise) /Black=0.05 (flawless)} 0-1